Jamhooriya-E-Aflatoon (Record no. 1314)

MARC details
000 -LEADER
fixed length control field 00557nam a2200229 a 4500
020 ## - INTERNATIONAL STANDARD BOOK NUMBER
ISBN
082 00 - DEWEY DECIMAL CLASSIFICATION NUMBER
Classification number 180
Author Cutter DEW
100 ## - MAIN ENTRY--AUTHOR NAME
Author name Dewis, J F
245 ## - TITLE STATEMENT
Title Jamhooriya-E-Aflatoon
260 ## - PUBLICATION, DISTRIBUTION, ETC. (IMPRINT)
Place of publication Hyderabad
Name of publisher Osmania University
Year of publication 1935
300 ## - PHYSICAL DESCRIPTION
Number of Pages 512p
500 ## - GENERAL NOTE
General note includes index and biblioraphy
505 2# - FORMATTED CONTENTS NOTE
Formatted contents note 4 Volume Bound in One Book
650 ## - SUBJECT ADDED ENTRY--TOPICAL TERM
Topical Term Philosophy-Greek-Plato
942 ## - ADDED ENTRY ELEMENTS (KOHA)
Koha item type
Holdings
Home library Current library Date acquired Cost, normal purchase price Full call number Accession Number Koha item type
Henry Martyn Institute Library Henry Martyn Institute Library 05/24/2005 0.00 180 DEW 4049 Archive Book
                   Copyright © 2026 | Henry Martyn Institute | Hyderabad | TS-500052 | INDIA | Implemented by hmi.edu.in
Hit-Count:

Powered by Koha